[Event "NED-ch U14 Girls"]
[Site "Almelo"]
[Date "2022.05.04"]
[Round "4"]
[White "Liu, Chia Yun"]
[Black "Maris, Lauri"]
[Result "0-1"]
[WhiteElo "1148"]
[BlackElo "1619"]
[PlyCount "94"]
[EventDate "2022.05.01"]
[EventType "swiss"]
[EventRounds "9"]
[EventCountry "NED"]
[SourceTitle "EXT 2023"]
[Source "ChessBase"]
[SourceDate "2022.10.05"]
[SourceVersion "1"]
[SourceVersionDate "2022.10.05"]
[SourceQuality "1"]

1. e4 e5 2. Nf3 Nc6 3. Bc4 Bc5 4. c3 Nf6 5. d3 0-0 6. 0-0 d6 7. b4 Bb6 8. a4 a5 9. b5 Ne7 10. Nbd2 Ng6 11. h3 h6 12. Re1 Re8 13. Nf1 Be6 14. N1d2 Qd7 15. Bxe6 Qxe6 16. Nf1 d5 17. Ng3 dxe4 18. dxe4 Rad8 19. Bd2 Nf4 20. Qc1 Nd3 21. Qc2 Bxf2+ 22. Kh2 Bxg3+ 23. Kxg3 Nxe1 24. Rxe1 b6 25. Nh4 Qc4 26. Nf5 Qd3+ 27. Qxd3 Rxd3+ 28. Be3 Nxe4+ 29. Kh2 Nxc3 30. Rc1 Nd5 31. Bf2 e4 32. Re1 e3 33. Ng3 Nc3 34. Bg1 e2 35. Bf2 Rd1 36. Nxe2 Rxe2 37. Rxe2 Nxe2 38. Bg3 Nxg3 39. Kxg3 Rd4 40. h4 Rxa4 41. Kh3 Rb4 42. g3 a4 43. h5 a3 44. g4 a2 45. Kh4 a1Q 46. Kg3 Rb3+ 47. Kh4 Qh1# 0-1

[Event "NED-ch U14 Girls"]
[Site "Almelo"]
[Date "2022.05.02"]
[Round "2"]
[White "Westerhof, Fleur"]
[Black "Maris, Lauri"]
[Result "1-0"]
[WhiteElo "1509"]
[BlackElo "1619"]
[PlyCount "71"]
[EventDate "2022.05.01"]
[EventType "swiss"]
[EventRounds "9"]
[EventCountry "NED"]
[SourceTitle "EXT 2023"]
[Source "ChessBase"]
[SourceDate "2022.10.05"]
[SourceVersion "1"]
[SourceVersionDate "2022.10.05"]
[SourceQuality "1"]

1. e4 e5 2. Nf3 Nc6 3. d4 exd4 4. Bc4 Bb4+ 5. c3 dxc3 6. 0-0 Nge7 7. a3 Bd6 8. Nxc3 0-0 9. Bg5 Qe8 10. Nh4 Be5 11. f4 Bxc3 12. bxc3 d6 13. f5 h6 14. Qh5 Ne5 15. Bxh6 Nxc4 16. Bxg7 f6 17. Qh8+ Kf7 18. Bxf8 Qxf8 19. Qh5+ Kg8 20. Rf3 Qf7 21. Qh6 Qf8 22. Rg3+ Kf7 23. Qh5+ Ng6 24. fxg6+ Ke7 25. g7 Qg8 26. Ng6+ Kd8 27. Qh8 Be6 28. h4 Ke8 29. h5 Kf7 30. h6 Rc8 31. Qxg8+ Kxg8 32. Ne7+ Kh7 33. Nxc8 Ne5 34. Ne7 Kxh6 35. g8Q Bxg8 36. Nxg8+ 1-0

[Event "NED-ch U14 Girls"]
[Site "Almelo"]
[Date "2021.08.02"]
[Round "2"]
[White "Westerhof, Fleur"]
[Black "Maris, Lauri"]
[Result "0-1"]
[WhiteElo "1502"]
[BlackElo "1669"]
[PlyCount "75"]
[EventDate "2021.08.01"]
[EventType "swiss"]
[EventRounds "6"]
[EventCountry "NED"]
[SourceTitle "EXT 2022"]
[Source "ChessBase"]
[SourceDate "2021.10.06"]
[SourceVersion "1"]
[SourceVersionDate "2021.10.06"]
[SourceQuality "1"]

1. e4 e5 2. Nf3 Nc6 3. Bc4 Bc5 4. b4 Bxb4 5. c3 Ba5 6. d4 exd4 7. 0-0 dxc3 8. Ng5 Nh6 9. Qb3 Qf6 10. Na3 Bb6 11. Nb5 Na5 12. Qb4 Nxc4 13. Qxc4 c6 14. Na3 0-0 15. Nf3 Ng4 16. Bg5 Qe6 17. Qxc3 Qxe4 18. Rae1 Qf5 19. h3 Nf6 20. Re5 Nd5 21. Qc4 Qg6 22. Nh4 Qd6 23. Bf4 Qxa3 24. Bh6 Qb4 25. Qxb4 Nxb4 26. Rg5 Bd4 27. Nf5 Bf6 28. Rg3 Kh8 29. Nxg7 Rg8 30. Nh5 Bd4 31. Rxg8+ Kxg8 32. Nf6+ Bxf6 33. Re1 Be5 34. Rxe5 f6 35. Re8+ Kf7 36. Rf8+ Kg6 37. Bd2 Nd5 38. Bc1 0-1

[Event "Wch FIDE Online U12 Girls Europe qual"]
[Site "Tornelo INT"]
[Date "2020.12.08"]
[Round "3"]
[White "Maris, Lauri"]
[Black "Cibulskyte, Smilte"]
[Result "1-0"]
[WhiteElo "1511"]
[BlackElo "1139"]
[PlyCount "97"]
[EventDate "2020.12.07"]
[EventType "swiss (rapid)"]
[EventRounds "7"]
[EventCountry "ISS"]
[SourceTitle "EXT 2022"]
[Source "ChessBase"]
[SourceDate "2021.10.06"]
[SourceVersion "1"]
[SourceVersionDate "2021.10.06"]
[SourceQuality "1"]

1. e4 e5 2. Nf3 Nc6 3. Bb5 a6 4. Bxc6 dxc6 5. d3 Bd6 6. Nc3 Ne7 7. h3 0-0 8. 0-0 Ng6 9. Bd2 h6 10. Qc1 Be6 11. Kh2 Kh7 12. Be3 Qe7 13. a3 Nh4 14. Nxh4 Qxh4 15. Qe1 f5 16. f3 Qxe1 17. Raxe1 g6 18. Rf2 Rf7 19. Ref1 Raf8 20. Kh1 Kg7 21. Na4 b6 22. Rd1 Rd7 23. Nc3 b5 24. Rfd2 Rfd8 25. Kg1 h5 26. Kh1 Kh7 27. Bg5 Be7 28. Bxe7 Rxe7 29. Ra1 Kg7 30. Kg1 Kf6 31. a4 b4 32. Ne2 c5 33. b3 a5 34. Re1 f4 35. Kh2 g5 36. Rg1 Rg7 37. g3 Rdg8 38. Nc1 h4 39. g4 Rd7 40. c3 bxc3 41. Rc2 Ke7 42. Rxc3 Kd6 43. Rg2 Kc6 44. Rgc2 Kb6 45. Rxc5 Rgd8 46. Rc6+ Kb7 47. Rxe6 Rd6 48. Rxe5 c6 49. Rxg5 1-0